Statistics for General Knowledge Quiz #52

Click here to take the quiz!

General Stats

  • This quiz has been taken 93,215 times
    (35,404 since last reset)
  • The average score is 13 of 20

Answer Stats

Question Answer % Correct
What type of flag indicates surrender?a White Flag
97%
In what country was Adolf Hitler born?Austria
92%
What is the central religious text of Islam?Quran
90%
From what original language are the Romance languages derived?Latin
89%
What element is commonly found inside thermometers?Mercury
84%
Which chess piece can only move diagonally?Bishop
81%
In the Disney movie, what was the profession of the seven dwarfs?Mining
81%
Who famously had children with both Julius Caesar and Mark Antony?Cleopatra
77%
What civilization sacrified thousands of people every year, placing their skulls
in racks known as Tzompantli?
The Aztecs
62%
What type of animal is also known as a sea cow?Manatee
60%
What country invented bank accounts that had numbers, not names?Switzerland
58%
Who directed the top two highest-grossing movies of all time?James Cameron
58%
In what language is a reef triggerfish known as a humuhumunukunuku─üpua╩╗a?Hawaiian
55%
What was the deadliest battle in the American Civil War?Battle of Gettysburg
52%
Where would you find the Sea of Tranquility?The Moon
48%
What palace is famous for its hall of mirrors?Palace of Versailles
46%
Bruxism is something painful that people do in their sleep. What is it?Grinding Teeth
45%
What company owns Old Navy and Banana Republic?The Gap
34%
Who is the namesake of two continents?Amerigo Vespucci
30%
What book by Joseph Conrad was the inspiration for the movie "Apocalypse Now"?Heart of Darkness
24%

Score Distribution

Percentile by Number Answered

Percent of People with Each Score

Your Score History

You have not taken this quiz since the last reset